Gaming Quiz

Random Gaming or Video Games Quiz

Classic Video Game Music Quiz Stats

 Plays Quiz not verified by Sporcle

Challenge
Share
Tweet
Score 0/30 Timer 11:00
0 Plays Today
Time Interval Game % Correct
0:00 - 0:10Super Mario Bros.
99.2%
2:04 - 2:13The Legend of Zelda
87.5%
1:02 - 1:11Tetris
80.7%
0:20 - 0:30Pokemon
77.9%
0:52 - 1:02Final Fantasy
75.2%
3:04 - 3:14Sonic the Hedgehog
74.1%
0:31 - 0:41Mega Man 2
71.1%
4:05 - 4:15Kirby's Dreamland
63.2%
2:34 - 2:43Street Fighter II
60.6%
3:14 - 3:24Castlevania
60.1%
4:35 - 4:45F-Zero
53%
4:45 - 4:55Star Fox
48.7%
3:44 - 3:54Contra
42.1%
2:14 - 2:23Chrono Trigger
42%
3:34 - 3:44Mike Tyson's Punch-Out!!
42%
Time Interval Game % Correct
1:42 - 1:52Donkey Kong Country
36.7%
1:32 - 1:41Ducktales
36.6%
1:22 - 1:31Doom
34.7%
1:12 - 1:21Battletoads
33.9%
4:55 - 5:05EarthBound
32.1%
2:24 - 2:33Bubble Bobble
31.2%
4:25 - 4:35Mortal Kombat
31.1%
1:53 - 2:03Super Ghouls 'n' Ghosts
29.3%
2:54 - 3:03Double Dragon
24.5%
2:44 - 2:53Duke Nukem
20.2%
3:54 - 4:04Ninja Gaiden
19.5%
4:15 - 4:25Streets of Rage 2
16.8%
3:25 - 3:34Golden Axe
13.7%
0:10 - 0:20NBA Jam
9.7%
0:42 - 0:51X-Men
7.2%

You're not logged in!

Compare scores with friends on all Sporcle quizzes.
Join for Free
OR
Log In

You Might Also Like...

Show Comments

Extras

Top Quizzes Today


Score Distribution

Your Account Isn't Verified!

In order to create a playlist on Sporcle, you need to verify the email address you used during registration. Go to your Sporcle Settings to finish the process.

Report this User

Report this user for behavior that violates our Community Guidelines.

Details: